000 00842nam a22002297a 4500
003 UA-OsUOA
001 44196
007 ta
008 20100701b un ||||| |||| 00| 0 ukr d
090 _a082
_bХ54
942 _cBK
040 _aUA-OsUOA
_bukr
_cUA-OsUOA
_dUA-OsUOA
245 _aХІІІ міжнародний з'їзд славістів. Любляна, Словенія 15-21 серпня 2003 р.
_bДжерелознавство, історія та культурологія словя'ських народів. Доповіді
300 _a62 с.
955 _a1
041 _aukr
080 _a082
260 _aК.
_c2003
650 7 _a08 Видання. Колективні праці
_2UDC
999 _c424081
_d424081